MARC

LEADER 00000nam0a2200000 4500
001 308494
005 20231102002111.0
035 |a (RuTPU)RU\TPU\book\333814 
090 |a 308494 
100 |a 20151102d1957 k y0rusy50 ca 
101 0 |a rus 
102 |a RU 
105 |a a z 000zy 
200 1 |a Разработка электрофизических методов разрушения углей и горных пород  |e краткий научный отчет  |f Всесоюзный научно-исследовательский угольный институт (ВУГИ) ; руководитель А. В, Варзин 
210 |a Москва  |c Углетехиздат  |d 1957 
215 |a 27 с.  |c ил. 
606 1 |a Горные породы  |x Разрушение  |x Электрический метод  |2 stltpush  |3 (RuTPU)RU\TPU\subj\8032  |9 35526 
606 1 |a Уголь  |x Разрушение  |x Исследование  |2 stltpush  |3 (RuTPU)RU\TPU\subj\62504  |9 79578 
610 1 |a разрушаемость 
610 1 |a подземные условия 
610 1 |a крепость 
610 1 |a снижение 
610 1 |a слоистые породы 
610 1 |a электрофизические методы 
610 1 |a породопроходческие экскаваторы 
610 1 |a конструкции 
675 |a 622.236.7  |v 4 
675 |a 622.333.02  |v 4 
702 1 |a Варзин  |b А. В,  |4 673 
712 0 2 |a Всесоюзный научно-исследовательский угольный институт (ВУГИ)  |c (Панки, с. Московская область)  |2 stltpush  |3 (RuTPU)RU\TPU\col\15803 
801 1 |a RU  |b 63413507  |c 20151102 
801 2 |a RU  |b 63413507  |c 20180727  |g RCR 
942 |c BK